01334cam a2200289 450000100060000000300080000600500170001400800410003103500190007204000340009104100230012505100220014808200170017010000260018724502110021326000560042430000210048050400300050152501880053165000520071965000560077165000350082770000170086294200120087999900170089195201360090810209BD-RjUL20211208234919.0140123s1958 ne bd 000 0 eng d a(BD-RjUL)10257 aDLCcDLCdDLCd(BD-RjUL)beng0 aengfrespaitadutger aQC772b.E4 Suppl.00a539.703bCLE1 aClason, W. E.,93154200aElsevier's dictionary of nuclear science and technology,bin six languages: English/American, French, Spanish, Italian, Dutch, and German.cCompiled and arr. on an English alphabetical base by W. E. Clason. aAmsterdam :aNew York :bElsevier Pub. Co.,c1958. a914 p. ;c23 cm. aBibliography: p. 913-914. aHas Russian Supplement to Elsevier's dictionary of nuclear science and technology / by W.E. Clason. Amsterdam ; New York : Elsevier Publishing Company, 1961. Call no.: QC772.E4 Suppl. 0aNuclear physicsxDictionariesxPolyglot.931544 0aNuclear engineeringxDictionariesxPolyglot.931545 0aDictionaries, Polyglot.9315461 d1898-931547 2ddccBK c10209d10209 00102ddc40718NFICaRUCLbRUCLcReadingd1965-12-02ezeitg147.00l0o539.703 CLE 1958r2014-01-23 00:00:00tC-1w2014-01-23yBK